[Event "31.Schlosspark-Open"]
[Site "Wiesbaden-Biebrich"]
[Date "2019.08.22"]
[Round "1.29"]
[White "Kuenitz, Klaus"]
[Black "Rolf, Marco"]
[Result "0-1"]
[WhiteElo "1787"]
[BlackElo "2133"]
[PlyCount "39"]
[EventDate "2019.??.??"]
[WhiteTeam "TSV Schott Mainz"]
[BlackTeam "SK Gernsheim"]

1. e4 e6 2. d4 d5 3. e5 c5 4. c3 Nc6 5. Nf3 Bd7 6. Be2 cxd4 7. cxd4 Nge7 8. Na3
Ng6 9. O-O Be7 10. Be3 O-O 11. Nc2 f6 12. Bd3 Be8 13. exf6 Bxf6 14. Qe2 e5 15.
dxe5 Ngxe5 16. Nxe5 Nxe5 17. Bc5 Nxd3 18. Bxf8 Nxb2 19. Bc5 Bg6 20. Nd4 0-1

[Event "31.Schlosspark-Open"]
[Site "Wiesbaden-Biebrich"]
[Date "2019.08.22"]
[Round "1.30"]
[White "Gramb, Marius"]
[Black "Wachsmann, Elmar"]
[Result "1-0"]
[WhiteElo "2130"]
[BlackElo "1783"]
[PlyCount "61"]
[EventDate "2019.??.??"]
[WhiteTeam "Brühler SK"]
[BlackTeam "SC Groß-Umstadt"]

1. c4 e6 2. d4 d5 3. Nf3 Nf6 4. g3 dxc4 5. Bg2 Nc6 6. Qa4 Bd7 7. Qxc4 Bd6 8.
O-O O-O 9. Nc3 e5 10. Nxe5 Bxe5 11. dxe5 Nxe5 12. Qd4 Nc6 13. Qh4 h6 14. Rd1
Qe7 15. Ne4 Bf5 16. Nxf6+ gxf6 17. Bxh6 Rfe8 18. Be3 Rad8 19. Rxd8 Rxd8 20. Rc1
Qe6 21. Qf4 Qd7 22. Bxc6 bxc6 23. f3 Qe6 24. Kf2 Rd7 25. Qc4 Qe5 26. Qc3 Qe7
27. Qxc6 Kg7 28. Qc5 Qe6 29. Qxa7 Bg6 30. Rxc7 Rd1 31. Rc1 1-0

[Event "31.Schlosspark-Open"]
[Site "Wiesbaden-Biebrich"]
[Date "2019.08.22"]
[Round "1.31"]
[White "Meaubert, Thomas"]
[Black "Bauer, Claus"]
[Result "0-1"]
[WhiteElo "1779"]
[BlackElo "2123"]
[PlyCount "92"]
[EventDate "2019.??.??"]
[WhiteTeam "SC Flörsheim"]
[BlackTeam "SF Mainz"]

1. c4 Nf6 2. Nc3 e5 3. Nf3 d6 4. d3 c6 5. g3 Be7 6. Bg2 O-O 7. O-O Nbd7 8. e4
a6 9. a4 a5 10. h3 Nc5 11. Be3 Nfd7 12. Qc2 Qc7 13. Rad1 Nb8 14. d4 Ncd7 15.
Ne1 Na6 16. f4 exd4 17. Bxd4 Nac5 18. Nf3 Re8 19. Rfe1 Ne6 20. Be3 Bf8 21. Nd4
Nec5 22. Re2 g6 23. Nf3 Qb6 24. Nd4 Bg7 25. Rb1 Nf8 26. Bf2 Na6 27. Qd2 Nb4 28.
Nb3 Nd3 29. Qxd3 Qxb3 30. Qxd6 Bxc3 31. Qc5 Bg7 32. Rbe1 Be6 33. e5 Qxc4 34.
Rd2 Rad8 35. Qxc4 Bxc4 36. Red1 Rxd2 37. Rxd2 Be6 38. g4 f6 39. Bb6 fxe5 40.
Rd6 Kf7 41. fxe5 Bxe5 42. Rd3 Bxb2 43. Rf3+ Kg7 44. Bf1 Bd5 45. Re3 Kf7 46. Kh2
Rxe3 0-1

[Event "31.Schlosspark-Open"]
[Site "Wiesbaden-Biebrich"]
[Date "2019.08.22"]
[Round "1.32"]
[White "Neurohr, Juergen"]
[Black "Rowland, Anthony"]
[Result "1-0"]
[WhiteElo "2127"]
[BlackElo "1776"]
[PlyCount "35"]
[EventDate "2019.??.??"]
[WhiteTeam "SF Mainz"]
[BlackTeam "SC Taunusstein"]

1. d4 Nf6 2. c4 e5 3. dxe5 Ng4 4. Bf4 Nc6 5. Nf3 Bb4+ 6. Nbd2 Qe7 7. e3 Ngxe5
8. Nxe5 Nxe5 9. Be2 O-O 10. O-O d6 11. Nb3 Bd7 12. a3 Bc5 13. Nxc5 dxc5 14.
Bxe5 Qxe5 15. Qxd7 Qxb2 16. Bf3 Rad8 17. Qxc7 Rd2 18. Rad1 1-0

[Event "31.Schlosspark-Open"]
[Site "Wiesbaden-Biebrich"]
[Date "2019.08.22"]
[Round "1.33"]
[White "Weiland, Thomas"]
[Black "Schneider, Joerg"]
[Result "1-0"]
[WhiteElo "1772"]
[BlackElo "2127"]
[PlyCount "87"]
[EventDate "2019.??.??"]
[WhiteTeam "SV Oberursel"]
[BlackTeam "SF Mainz"]

1. c4 c5 2. Nc3 Nc6 3. g3 g6 4. Bg2 Bg7 5. Nf3 e6 6. d3 Nge7 7. a3 Rb8 8. O-O
O-O 9. Rb1 d6 10. Bd2 a6 11. Qc1 b5 12. cxb5 axb5 13. b4 cxb4 14. axb4 d5 15.
Bh6 Qd6 16. Bxg7 Kxg7 17. Qb2 Kg8 18. Rfc1 Bd7 19. e4 d4 20. Ne2 e5 21. Rc5 f6
22. h4 Be6 23. Nh2 Ra8 24. Qc1 Ra2 25. Bf1 f5 26. f3 Rb8 27. g4 fxe4 28. fxe4
Qd7 29. Qg5 h6 30. Qxh6 Bxg4 31. Ng3 Rf8 32. Qg5 Be6 33. h5 Rff2 34. hxg6 Rxh2
35. Nh5 Rxh5 36. Qxh5 Kg7 37. Qh7+ Kf6 38. g7 Bg8 39. Qh6+ Ng6 40. Bh3 Qe8 41.
Rf1+ Ke7 42. Qg5+ Kd6 43. Rf6+ Kc7 44. Rcxc6+ 1-0

[Event "31.Schlosspark-Open"]
[Site "Wiesbaden-Biebrich"]
[Date "2019.08.22"]
[Round "1.34"]
[White "Henrich, David"]
[Black "Brauch, Manfred"]
[Result "1-0"]
[WhiteElo "2126"]
[BlackElo "1774"]
[PlyCount "69"]
[EventDate "2019.??.??"]
[WhiteTeam "SK Gernsheim"]
[BlackTeam "SG Pieroth"]

1. c4 f5 2. Nf3 Nf6 3. Nc3 g6 4. g3 Bg7 5. Bg2 O-O 6. O-O d6 7. d4 c6 8. Qd3
Na6 9. a3 Nc7 10. b4 Rb8 11. a4 a6 12. b5 axb5 13. axb5 cxb5 14. cxb5 b6 15.
Bb2 Bb7 16. Ra7 Kh8 17. Rc1 Nfe8 18. d5 e5 19. dxe6 Nxe6 20. Na4 Bxb2 21. Nxb2
Qf6 22. Nc4 Nc5 23. Qd4 Qxd4 24. Nxd4 Bxg2 25. Kxg2 d5 26. Nxb6 Rxb6 27. Rxc5
Nf6 28. Rcc7 Re8 29. e3 h6 30. Rf7 Ne4 31. Rh7+ Kg8 32. Rxh6 Reb8 33. Rd7 Nc3
34. Nc6 Re8 35. Rxg6+ 1-0

[Event "31.Schlosspark-Open"]
[Site "Wiesbaden-Biebrich"]
[Date "2019.08.22"]
[Round "1.35"]
[White "Viol, Julius"]
[Black "Gundlach, Michael"]
[Result "1/2-1/2"]
[WhiteElo "1709"]
[BlackElo "2122"]
[PlyCount "68"]
[EventDate "2019.??.??"]
[WhiteTeam "FC Bierstadt"]
[BlackTeam "SF Mainz"]

1. d4 d6 2. c4 e5 3. dxe5 dxe5 4. Qxd8+ Kxd8 5. Nc3 Be6 6. e4 Nd7 7. Nf3 f6 8.
Be3 c6 9. Be2 Ne7 10. O-O-O Nc8 11. g4 Kc7 12. g5 Ncb6 13. b3 a5 14. a4 Bb4 15.
Kb2 Nc5 16. Na2 Nxe4 17. Nxb4 axb4 18. Bd3 Nc3 19. Ra1 Bg4 20. Nd2 Rad8 21. Bc2
Bh3 22. Rhe1 Nd7 23. Ne4 Nxe4 24. Bxe4 f5 25. Bc2 f4 26. Bd2 c5 27. Be4 g6 28.
Rad1 Rhe8 29. Bc1 Nb8 30. Rd5 Rxd5 31. Bxd5 Nd7 32. Bxf4 Bf5 33. Bg3 b6 34. f3
Re7 1/2-1/2

[Event "31.Schlosspark-Open"]
[Site "Wiesbaden-Biebrich"]
[Date "2019.08.22"]
[Round "1.36"]
[White "Kuhn, Andreas"]
[Black "Meding, Olaf"]
[Result "1-0"]
[WhiteElo "2119"]
[BlackElo "1762"]
[PlyCount "79"]
[EventDate "2019.??.??"]
[WhiteTeam "Sfr. Erbach"]
[BlackTeam "SF Mainz"]

1. d4 d5 2. c4 c6 3. Qc2 Nf6 4. Nf3 e6 5. Bg5 h6 6. Bxf6 Qxf6 7. Nbd2 Nd7 8. e3
b6 9. Bd3 Bb7 10. O-O dxc4 11. Bxc4 Bb4 12. Ne4 Qd8 13. Rad1 O-O 14. a3 Be7 15.
Nc3 Qc7 16. Ba2 Rac8 17. Qe2 c5 18. d5 exd5 19. Bxd5 Rcd8 20. e4 Rfe8 21. Qc4
Bxd5 22. exd5 Nf6 23. Rfe1 Bd6 24. g3 Qb7 25. a4 a6 26. Re3 Qc8 27. Rde1 Rxe3
28. Rxe3 Kf8 29. Kg2 Re8 30. Rxe8+ Kxe8 31. Ne4 Nxe4 32. Qxe4+ Kf8 33. Qh7 Qg4
34. b3 Ke7 35. Qd3 Qb4 36. Nh4 Kf8 37. Nf5 Be5 38. d6 Ke8 39. Qe3 f6 40. f4 1-0

[Event "31.Schlosspark-Open"]
[Site "Wiesbaden-Biebrich"]
[Date "2019.08.22"]
[Round "1.37"]
[White "Krischak, Werner"]
[Black "Seewi, Joram"]
[Result "0-1"]
[WhiteElo "1738"]
[BlackElo "2098"]
[PlyCount "72"]
[EventDate "2019.??.??"]
[WhiteTeam "SK Marburg"]
[BlackTeam "SG Kalker/Deutzer"]

1. d4 Nc6 2. Nf3 d5 3. e3 Bg4 4. Bb5 e6 5. c3 Bd6 6. Nbd2 Nge7 7. O-O O-O 8. c4
dxc4 9. Nxc4 a6 10. Nxd6 Qxd6 11. Be2 Nd5 12. Re1 Rad8 13. Bd2 f5 14. Qb3 b6
15. Rac1 Nce7 16. Bxa6 Bxf3 17. gxf3 Rf6 18. f4 Rh6 19. Qd1 Ng6 20. Qe2 Nh4 21.
Kh1 Nf6 22. f3 Qd5 23. Rf1 Ng4 24. Bc4 Qa8 25. e4 Nxh2 26. Qxh2 Nxf3 27. Qxh6
gxh6 28. Bxe6+ Kh8 29. Bxf5 Nxd2 30. Rfe1 Nf3 31. Rxc7 Nxe1 32. Rxh7+ Kg8 33.
Rxh6 Qa6 34. Rg6+ Kf7 35. e5 Qf1+ 36. Rg1 Rh8+ 0-1

[Event "31.Schlosspark-Open"]
[Site "Wiesbaden-Biebrich"]
[Date "2019.08.22"]
[Round "1.38"]
[White "Bollmann, Henrik"]
[Black "Jess, Geralf"]
[Result "1-0"]
[WhiteElo "2096"]
[BlackElo "1729"]
[PlyCount "25"]
[EventDate "2019.??.??"]
[WhiteTeam "SC Bad Nauheim"]
[BlackTeam "SC Matt im Park"]

1. c4 Nf6 2. Nf3 d6 3. d4 c5 4. g3 g6 5. Bg2 Nc6 6. O-O Bg7 7. dxc5 dxc5 8. Nc3
O-O 9. Be3 Be6 10. Qa4 Qa5 11. Rac1 Rac8 12. Ng5 Bd7 13. Bxc6 1-0

[Event "31.Schlosspark-Open"]
[Site "Wiesbaden-Biebrich"]
[Date "2019.08.22"]
[Round "1.39"]
[White "Schwenk, Stefan"]
[Black "Dietze, Frank"]
[Result "0-1"]
[WhiteElo "1733"]
[BlackElo "2096"]
[PlyCount "70"]
[EventDate "2019.??.??"]
[WhiteTeam "SK Geisenheim"]
[BlackTeam "vereinslos"]

1. c4 c5 2. g3 g6 3. Bg2 Bg7 4. Nc3 Nc6 5. e3 d6 6. Nge2 Bg4 7. O-O Qd7 8. Re1
Ne5 9. Rf1 Rb8 10. d3 Nh6 11. f4 Nc6 12. a3 O-O 13. Rb1 a6 14. Qc2 Bh3 15. b4
cxb4 16. axb4 Bxg2 17. Kxg2 b5 18. cxb5 axb5 19. h3 Rfc8 20. Qb3 e6 21. Ne4 Nf5
22. Bd2 Qa7 23. d4 Qb7 24. Kf2 Ncxd4 25. Qd3 Nxe2 26. Kxe2 Qxe4 27. Qxe4 Nxg3+
28. Kf3 Nxe4 29. Kxe4 Rc2 30. Kd3 Rbc8 31. e4 f5 32. exf5 gxf5 33. Rg1 Kf7 34.
Rg5 Bf6 35. Rh5 Kg6 0-1

[Event "31.Schlosspark-Open"]
[Site "Wiesbaden-Biebrich"]
[Date "2019.08.22"]
[Round "1.40"]
[White "Heindrich, Mark"]
[Black "Dohmes, Swidbert"]
[Result "1-0"]
[WhiteElo "2094"]
[BlackElo "1732"]
[PlyCount "43"]
[EventDate "2019.??.??"]
[WhiteTeam "TuS Dotzheim"]
[BlackTeam "SV Hofheim"]

1. e4 e5 2. Nf3 Nc6 3. Bb5 a6 4. Ba4 Nf6 5. O-O Be7 6. Re1 b5 7. Bb3 O-O 8. d4
d6 9. c3 Bg4 10. Be3 Na5 11. dxe5 Nxe4 12. Bd5 Ng5 13. Bxa8 Qxa8 14. Bxg5 Bxg5
15. exd6 cxd6 16. Na3 Qd8 17. Qd5 Be7 18. Nd4 Bc8 19. Nf5 Bxf5 20. Qxf5 Qc7 21.
Nc2 Nc4 22. Nb4 1-0

[Event "31.Schlosspark-Open"]
[Site "Wiesbaden-Biebrich"]
[Date "2019.08.22"]
[Round "1.41"]
[White "Michalski, Uwe"]
[Black "Heinemann, Ernst"]
[Result "0-1"]
[WhiteElo "1730"]
[BlackElo "2088"]
[PlyCount "140"]
[EventDate "2019.??.??"]
[WhiteTeam "SF Mainz"]
[BlackTeam "SK Oldenburg"]

1. e4 c5 2. f4 e6 3. Nf3 d5 4. e5 Ne7 5. b3 Nbc6 6. Bb2 Nf5 7. g3 b6 8. Bd3 g6
9. Nc3 Bb7 10. Qe2 Nfd4 11. Qd1 Be7 12. Nb5 Nxb5 13. Bxb5 a6 14. Bxc6+ Bxc6 15.
d4 Rc8 16. O-O Qc7 17. a4 O-O 18. h4 cxd4 19. Bxd4 Bd7 20. c3 Bc5 21. Rc1 b5
22. axb5 Bxb5 23. Bxc5 Qxc5+ 24. Rf2 Rc7 25. Nd4 Rfc8 26. h5 Qb4 27. hxg6 hxg6
28. cxb4 Rxc1 29. Rd2 Rxd1+ 30. Rxd1 Rc3 31. Kf2 Kg7 32. Rd2 Rc1 33. Nxb5 axb5
34. Rd3 f6 35. exf6+ Kxf6 36. Kf3 Re1 37. Rd4 Ke7 38. g4 Kd6 39. Kf2 Rh1 40.
Rd3 Rh2+ 41. Kg3 Rh1 42. Kf2 e5 43. fxe5+ Kxe5 44. Rc3 Rb1 45. Rc5 Rxb3 46.
Rxb5 Ke4 47. Rb8 Kf4 48. Rd8 Rb2+ 49. Ke1 Rxb4 50. Rxd5 Ke3 51. Re5+ Kf3 52.
Rc5 Rb1+ 53. Kd2 Kxg4 54. Ke3 Rf1 55. Rc8 g5 56. Rh8 Kg3 57. Ke2 Rf5 58. Rh5
Rf2+ 59. Ke1 g4 60. Rh8 Rf4 61. Rh7 Kg2 62. Rh4 Re4+ 63. Kd2 Kg3 64. Rh8 Kg2
65. Kd3 Re7 66. Rg8 g3 67. Kd2 Kf2 68. Rf8+ Kg1 69. Rc8 g2 70. Rf8 Rh7 0-1

[Event "31.Schlosspark-Open"]
[Site "Wiesbaden-Biebrich"]
[Date "2019.08.22"]
[Round "1.42"]
[White "Chandler, Patrick"]
[Black "Mang, Markus"]
[Result "1-0"]
[WhiteElo "2087"]
[BlackElo "1726"]
[PlyCount "55"]
[EventDate "2019.??.??"]
[WhiteTeam "SC Nied"]
[BlackTeam "SG Kaiserslautern"]

1. Nf3 e6 2. b3 Nf6 3. Bb2 d5 4. e3 c5 5. Bb5+ Bd7 6. a4 Nc6 7. d3 Be7 8. Nbd2
a6 9. Bxc6 Bxc6 10. Ne5 Qc7 11. f4 Rg8 12. O-O Nd7 13. Nxc6 Qxc6 14. Qf3 Bf6
15. Rab1 Bxb2 16. Rxb2 Nf6 17. Rfb1 g5 18. f5 e5 19. c4 O-O-O 20. b4 Rd7 21.
bxc5 Qxc5 22. Nb3 Qa7 23. d4 exd4 24. c5 Ne4 25. exd4 Rc7 26. f6 h6 27. Qf5+
Kd8 28. Qxd5+ 1-0

[Event "31.Schlosspark-Open"]
[Site "Wiesbaden-Biebrich"]
[Date "2019.08.22"]
[Round "1.43"]
[White "Ziegler, Joerg"]
[Black "Lesny, Florian"]
[Result "0-1"]
[WhiteElo "1726"]
[BlackElo "2086"]
[PlyCount "78"]
[EventDate "2019.??.??"]
[WhiteTeam "BKA Wiesbaden"]
[BlackTeam "SK Niederbrechen"]

1. e4 c5 2. Nf3 d6 3. d4 cxd4 4. Nxd4 Nf6 5. Nc3 a6 6. Be2 e5 7. Nb3 Be7 8. Be3
Be6 9. O-O O-O 10. Qd2 Nbd7 11. a4 Qc7 12. Rfd1 Nb6 13. Bxb6 Qxb6 14. a5 Qc7
15. Bf3 Rac8 16. Rdc1 h6 17. Rd1 Rfd8 18. Qe1 Nd7 19. g3 Nf6 20. Rd2 Re8 21.
Qd1 Kh8 22. Bg2 Kg8 23. h3 Red8 24. Kh2 Rb8 25. Qe2 Bc4 26. Qd1 b5 27. Nd5 Nxd5
28. exd5 Bg5 29. f4 exf4 30. Rd4 fxg3+ 31. Kxg3 Bf6 32. c3 Be5+ 33. Kf2 Bxb3
34. Qxb3 Bxd4+ 35. cxd4 Qc4 36. Qxc4 bxc4 37. Ra2 Rb4 38. Bf1 Re8 39. Kf3 f5
0-1

[Event "31.Schlosspark-Open"]
[Site "Wiesbaden-Biebrich"]
[Date "2019.08.22"]
[Round "1.44"]
[White "Flach, Erich"]
[Black "Haftmann, Rainer"]
[Result "1-0"]
[WhiteElo "2081"]
[BlackElo "1725"]
[PlyCount "79"]
[EventDate "2019.??.??"]
[WhiteTeam "SV Griesheim"]
[BlackTeam "SG Dietzenbach"]

1. d4 Nf6 2. c4 e6 3. Nc3 d5 4. cxd5 exd5 5. Bg5 Be7 6. e3 O-O 7. Bd3 c6 8. Qc2
Nbd7 9. Nge2 Re8 10. h3 Nf8 11. O-O-O b5 12. Kb1 a5 13. Bxf6 Bxf6 14. e4 Be6
15. e5 Be7 16. f4 Bb4 17. Rhf1 Bxc3 18. Qxc3 Qb6 19. Qd2 c5 20. dxc5 Qxc5 21.
Nd4 b4 22. Nb5 Qb6 23. Nd6 Red8 24. f5 Bc8 25. Bc2 Bb7 26. Bb3 a4 27. Bxd5 Bxd5
28. Qxd5 Ra7 29. e6 fxe6 30. fxe6 Re7 31. Qe5 b3 32. Rf7 bxa2+ 33. Ka1 Rxf7 34.
exf7+ Kh8 35. Qd4 Qb3 36. Rd3 Qe6 37. Qd5 a3 38. Qxe6 axb2+ 39. Kxa2 Nxe6 40.
Re3 1-0

[Event "31.Schlosspark-Open"]
[Site "Wiesbaden-Biebrich"]
[Date "2019.08.22"]
[Round "1.45"]
[White "Sefeloge, Michael"]
[Black "Gries, Volker"]
[Result "0-1"]
[WhiteElo "1725"]
[BlackElo "2078"]
[PlyCount "78"]
[EventDate "2019.??.??"]
[WhiteTeam "SV Lahnstein"]
[BlackTeam "SV Oberursel"]

1. d4 Nf6 2. c4 g6 3. Nc3 Bg7 4. Nf3 O-O 5. e4 d6 6. Be2 e5 7. dxe5 dxe5 8. Bg5
Qxd1+ 9. Rxd1 Nbd7 10. O-O h6 11. Bxf6 Bxf6 12. Nd5 Bd8 13. b4 c6 14. Nc3 Re8
15. Rd2 Bc7 16. Rfd1 Nf6 17. Ne1 Be6 18. f3 Red8 19. a4 Rxd2 20. Rxd2 Rd8 21.
Rxd8+ Bxd8 22. Kf1 Nd7 23. Nc2 a5 24. b5 Nc5 25. bxc6 bxc6 26. Ke1 Bb6 27. Kd1
Kf8 28. Ne1 Ke7 29. Nd3 Kd6 30. Nb2 Nd7 31. Kc2 Bg1 32. h3 Nc5 33. Bf1 Bd4 34.
Ne2 Bxb2 35. Kxb2 Nxa4+ 36. Kb3 Nb6 37. Nc3 Kc5 38. Na4+ Nxa4 39. Kxa4 Bxc4 0-1

[Event "31.Schlosspark-Open"]
[Site "Wiesbaden-Biebrich"]
[Date "2019.08.22"]
[Round "1.46"]
[White "Reitz, Philipp"]
[Black "Donecker, Stefan"]
[Result "1-0"]
[WhiteElo "2061"]
[BlackElo "1722"]
[PlyCount "95"]
[EventDate "2019.??.??"]
[WhiteTeam "VfR-SC Koblenz"]
[BlackTeam "TuS Dotzheim"]

1. e4 Nc6 2. d4 d5 3. e5 Bf5 4. c3 e6 5. Bd3 Bxd3 6. Qxd3 Qd7 7. Nf3 f6 8. exf6
gxf6 9. Bf4 Bd6 10. Bxd6 cxd6 11. Qe2 Nge7 12. Nbd2 Rg8 13. Nh4 O-O-O 14. O-O-O
e5 15. Nb3 Kb8 16. Qh5 a5 17. Na1 Ng6 18. g3 Nxh4 19. Qxh4 Qf5 20. Nc2 Rg4 21.
Ne3 Rxh4 22. Nxf5 Rg4 23. Ne3 Re4 24. dxe5 dxe5 25. Rxd5 Rxd5 26. Nxd5 Re2 27.
Nxf6 e4 28. Rd1 Rxf2 29. Nxe4 Rxh2 30. Rd2 Rh5 31. Kc2 Re5 32. Nf6 Rg5 33. Rd3
Rg7 34. a3 Rf7 35. Nd5 b5 36. b4 Rf2+ 37. Rd2 Rf3 38. Rh2 Rxg3 39. Rxh7 a4 40.
Nc7 Na7 41. Na6+ Ka8 42. Nc5 Rg8 43. Kd3 Nc8 44. Ne6 Nd6 45. Rd7 Rg1 46. Nd4
Rg3+ 47. Kc2 Rg2+ 48. Kd1 1-0

[Event "31.Schlosspark-Open"]
[Site "Wiesbaden-Biebrich"]
[Date "2019.08.22"]
[Round "1.47"]
[White "Jakesevic, Ivan"]
[Black "Pioch, Thomas"]
[Result "1/2-1/2"]
[WhiteElo "1712"]
[BlackElo "2074"]
[PlyCount "64"]
[EventDate "2019.??.??"]
[WhiteTeam "FC Bierstadt"]
[BlackTeam "SF Mainz"]

1. Nf3 e6 2. d4 Nf6 3. Bg5 Be7 4. e3 b6 5. Bd3 Bb7 6. Nbd2 c5 7. O-O Nc6 8. c3
d5 9. Re1 O-O 10. Qb1 h6 11. Bh4 Rc8 12. Kh1 Ng4 13. Bxe7 Nxe7 14. Rf1 c4 15.
Bc2 f5 16. h3 Nf6 17. Ne5 Ne4 18. Qd1 Nxd2 19. Qxd2 Nc6 20. f4 Nxe5 21. fxe5
Qe7 22. Rf2 Rf7 23. Raf1 Rcf8 24. Bd1 g6 25. Kh2 Kg7 26. g4 fxg4 27. Bxg4 Rxf2+
28. Rxf2 Rxf2+ 29. Qxf2 Qf7 30. Qf4 Bc6 31. Bd1 Qf5 32. Bg4 Qf7 1/2-1/2

[Event "31.Schlosspark-Open"]
[Site "Wiesbaden-Biebrich"]
[Date "2019.08.22"]
[Round "1.48"]
[White "Schmidt, Markus"]
[Black "Cichon, Joerg"]
[Result "1-0"]
[WhiteElo "2072"]
[BlackElo "1711"]
[PlyCount "51"]
[EventDate "2019.??.??"]
[WhiteTeam "SK Niederbrechen"]
[BlackTeam "SF Mainz"]

1. c4 Nf6 2. g3 g6 3. Bg2 Bg7 4. Nc3 e5 5. e4 d6 6. Nge2 Nc6 7. d3 Be6 8. O-O
O-O 9. h3 h6 10. Rb1 a6 11. b4 b5 12. Nd5 Na7 13. f4 Kh7 14. Be3 Nc8 15. Qc1
Ng8 16. f5 Bxd5 17. fxg6+ fxg6 18. Rxf8 Qxf8 19. cxd5 Qd8 20. Rb2 Rb8 21. Rc2
Rb7 22. Qa3 Nce7 23. Qxa6 Qb8 24. Nc1 c5 25. bxc5 Rc7 26. a4 1-0

[Event "31.Schlosspark-Open"]
[Site "Wiesbaden-Biebrich"]
[Date "2019.08.22"]
[Round "1.49"]
[White "Baumgarten, Fred"]
[Black "Wachsmann, Dietmar"]
[Result "0-1"]
[WhiteElo "1694"]
[BlackElo "2038"]
[PlyCount "58"]
[EventDate "2019.??.??"]
[WhiteTeam "SV Hennef"]
[BlackTeam "SC Groß-Umstadt"]

1. d4 d5 2. c4 e6 3. Nc3 c6 4. Nf3 dxc4 5. e4 b5 6. a4 Bb4 7. axb5 cxb5 8. Bd2
Bxc3 9. Bxc3 Bb7 10. Qc2 Nf6 11. Nd2 O-O 12. b3 cxb3 13. Qxb3 Nxe4 14. Nxe4
Bxe4 15. f3 Bd5 16. Qxb5 Qh4+ 17. g3 Qh6 18. Qd3 Nd7 19. Bg2 Nb6 20. Kf2 Bc4
21. Qc2 Rfc8 22. f4 Bd5 23. Qd3 Rc7 24. Bb4 Qh5 25. Bc5 Rd8 26. Bxb6 axb6 27.
h4 Rdc8 28. Bxd5 Rc2+ 29. Qxc2 Rxc2+ 0-1

[Event "31.Schlosspark-Open"]
[Site "Wiesbaden-Biebrich"]
[Date "2019.08.22"]
[Round "1.50"]
[White "Foerster-Yialamas, Lucas"]
[Black "Muenstermann, Matthias"]
[Result "1-0"]
[WhiteElo "2056"]
[BlackElo "1691"]
[PlyCount "53"]
[EventDate "2019.??.??"]
[WhiteTeam "Frankfurter TV"]
[BlackTeam "SK Langen"]

1. e4 c5 2. Nf3 d6 3. d4 cxd4 4. Nxd4 Nf6 5. Nc3 g6 6. Be3 Bg7 7. f3 O-O 8. Qd2
Nc6 9. O-O-O d5 10. exd5 Nxd5 11. Nxc6 bxc6 12. Bd4 Be6 13. Bc4 Bxd4 14. Qxd4
Qa5 15. Nxd5 Bxd5 16. Bxd5 cxd5 17. Qxd5 Qb6 18. Qd4 Qa5 19. Qd5 Qb6 20. Rd3
Rac8 21. Rhd1 Qc7 22. R3d2 Qxh2 23. Qg5 Rc7 24. g4 h6 25. Qe3 Qh4 26. Qe5 Rfc8
27. Rd8+ 1-0

[Event "31.Schlosspark-Open"]
[Site "Wiesbaden-Biebrich"]
[Date "2019.08.22"]
[Round "1.51"]
[White "Torrijos, Javier"]
[Black "Waffenschmidt, Joachim"]
[Result "0-1"]
[WhiteElo "1689"]
[BlackElo "1994"]
[PlyCount "144"]
[EventDate "2019.??.??"]
[WhiteTeam "Schachforum Darmstadt"]
[BlackTeam "SV Hofheim"]

1. d4 d5 2. c4 c6 3. Nc3 Nf6 4. Nf3 dxc4 5. e3 b5 6. a4 b4 7. Na2 e6 8. Bxc4 a5
9. Qc2 Be7 10. O-O O-O 11. e4 Bb7 12. Bd3 h6 13. h3 Nbd7 14. Be3 Rc8 15. Rad1
c5 16. Qe2 c4 17. Bxc4 Bxe4 18. Ne5 Bd5 19. Nc1 Nxe5 20. Bxd5 Qxd5 21. dxe5
Qxe5 22. Nd3 Qe4 23. f3 Qc6 24. b3 Qc3 25. Nc1 Bc5 26. Rd3 Bxe3+ 27. Qxe3 Qc5
28. Qxc5 Rxc5 29. Rfd1 Nd5 30. Ne2 Rfc8 31. Kf1 Rc2 32. R1d2 g5 33. g3 Kg7 34.
Kf2 Kf6 35. f4 Rxd2 36. Rxd2 gxf4 37. gxf4 Nc3 38. Ng3 Rc5 39. Kf3 Ke7 40. Kg4
Nd5 41. Ne2 Nf6+ 42. Kf3 Rh5 43. Ng1 Nd5 44. Rd4 Kd6 45. Kg4 Rf5 46. Ne2 Ke7
47. Kf3 Nf6 48. Rd3 Rc5 49. Rd2 Nd7 50. Kg4 f6 51. Kf3 e5 52. f5 Nb6 53. Ke4
Nc8 54. Kf3 Nd6 55. Kg4 h5+ 56. Kxh5 Nxf5 57. Kg4 Nd6 58. Kf3 f5 59. h4 Ne4 60.
Rd1 Nf6 61. Rd2 Ke6 62. Rd8 Rd5 63. Rxd5 Kxd5 64. Ng3 Ke6 65. Ne2 f4 66. Nc1
Kf5 67. Ne2 e4+ 68. Kf2 Ng4+ 69. Ke1 f3 70. Nd4+ Kf4 71. h5 e3 72. Ne6+ Kg3 0-1

[Event "31.Schlosspark-Open"]
[Site "Wiesbaden-Biebrich"]
[Date "2019.08.22"]
[Round "1.52"]
[White "Bischoff, Ulrich"]
[Black "Schmidt, Martin"]
[Result "1-0"]
[WhiteElo "2050"]
[BlackElo "1679"]
[PlyCount "71"]
[EventDate "2019.??.??"]
[WhiteTeam "Sfr. Erbach"]
[BlackTeam "SC Heuchelheim"]

1. e4 e6 2. d4 d5 3. Nc3 dxe4 4. Nxe4 Be7 5. Nf3 Nf6 6. Nxf6+ gxf6 7. Bd3 Qd6
8. Qe2 Nc6 9. c3 Bd7 10. b4 O-O-O 11. a4 Rde8 12. O-O h5 13. a5 Bd8 14. b5 Nb8
15. Be4 e5 16. d5 Bg4 17. h3 f5 18. hxg4 fxe4 19. Qxe4 hxg4 20. Qxg4+ Nd7 21.
c4 Reg8 22. Qf5 Kb8 23. g3 f6 24. Kg2 Qe7 25. Ba3 Qe8 26. Rh1 Be7 27. Bxe7 Qxe7
28. Rxh8 Rxh8 29. Rh1 Rxh1 30. Kxh1 a6 31. bxa6 bxa6 32. Kg2 Nc5 33. g4 Nb7 34.
g5 fxg5 35. Nxe5 Qg7 36. Nc6+ 1-0

[Event "31.Schlosspark-Open"]
[Site "Wiesbaden-Biebrich"]
[Date "2019.08.22"]
[Round "1.53"]
[White "Pastor, Alexander"]
[Black "Tepe, Josef"]
[Result "0-1"]
[WhiteElo "1668"]
[BlackElo "2044"]
[PlyCount "84"]
[EventDate "2019.??.??"]
[WhiteTeam "SV Hennef"]
[BlackTeam "SC Taunusstein"]

1. d4 d5 2. Nf3 c6 3. c4 Nf6 4. g3 e6 5. Bg2 dxc4 6. O-O b5 7. Ne5 Bb7 8. a4 a6
9. axb5 axb5 10. Rxa8 Bxa8 11. b3 cxb3 12. e3 Be7 13. Qxb3 Nfd7 14. Nd3 Na6 15.
Ba3 O-O 16. Rc1 b4 17. Bb2 c5 18. Qc4 Qb6 19. Nd2 Bxg2 20. Kxg2 Qb7+ 21. Kg1
Nb6 22. Qb3 Rc8 23. dxc5 Nxc5 24. Nxc5 Rxc5 25. Rxc5 Bxc5 26. Qd3 Qd5 27. Qxd5
exd5 28. Nb3 Na4 29. Be5 f6 30. Ba1 Kf7 31. Kf1 Ke6 32. Ke2 Kd6 33. Kd3 Kc6 34.
g4 Bd6 35. h3 Nc5+ 36. Nxc5 Kxc5 37. f3 Be5 38. Bxe5 fxe5 39. f4 exf4 40. exf4
d4 41. f5 b3 42. g5 Kd6 0-1

[Event "31.Schlosspark-Open"]
[Site "Wiesbaden-Biebrich"]
[Date "2019.08.22"]
[Round "1.54"]
[White "Iliev, Mustafa Batuhan"]
[Black "Plaumann, Arvin"]
[Result "1-0"]
[WhiteElo "2028"]
[BlackElo "1667"]
[PlyCount "45"]
[EventDate "2019.??.??"]
[WhiteTeam "SV Großauheim"]
[BlackTeam "SF Heidesheim"]

1. e4 e6 2. d4 d5 3. Nd2 c5 4. exd5 Qxd5 5. Ngf3 Nc6 6. Bc4 Qd7 7. O-O Nxd4 8.
Nxd4 Qxd4 9. Qe2 Nf6 10. Nf3 Qd6 11. Rd1 Qc7 12. Bb5+ Bd7 13. Ne5 Bd6 14. Nxd7
Nxd7 15. Bf4 Bxf4 16. Rxd7 Qxd7 17. Rd1 Rd8 18. Rxd7 Rxd7 19. Qd3 O-O 20. Qxd7
a6 21. Bd3 b5 22. Qe7 c4 23. Bxh7+ 1-0

[Event "31.Schlosspark-Open"]
[Site "Wiesbaden-Biebrich"]
[Date "2019.08.22"]
[Round "1.55"]
[White "Breitbach, Stephan"]
[Black "Marzahn, Heiko"]
[Result "0-1"]
[WhiteElo "1653"]
[BlackElo "2041"]
[PlyCount "38"]
[EventDate "2019.??.??"]
[WhiteTeam "SC Landskrone"]
[BlackTeam "Sfr. Erbach"]

1. Nf3 f5 2. d4 Nf6 3. c4 e6 4. g3 Be7 5. Bg2 O-O 6. O-O d6 7. Nc3 Ne4 8. Qc2
Nxc3 9. Qxc3 Bf6 10. Rb1 Nc6 11. b4 e5 12. dxe5 dxe5 13. Qb3 e4 14. c5+ Kh8 15.
Rd1 Qe7 16. Ne1 Be6 17. Qa3 Nd4 18. e3 Ne2+ 19. Kh1 Nc3 0-1

[Event "31.Schlosspark-Open"]
[Site "Wiesbaden-Biebrich"]
[Date "2019.08.22"]
[Round "1.56"]
[White "Papadopoulos, Ioannis"]
[Black "Staggat, Rolf"]
[Result "1-0"]
[WhiteElo "1921"]
[BlackElo "1639"]
[PlyCount "55"]
[EventDate "2019.??.??"]
[WhiteTeam "SV Oberursel"]
[BlackTeam "Schierstein"]

1. e4 c5 2. Nf3 g6 3. d4 cxd4 4. Nxd4 Bg7 5. Nc3 d6 6. Be3 Nf6 7. f3 Nc6 8. Qd2
h5 9. O-O-O Bd7 10. Kb1 Rc8 11. Nxc6 bxc6 12. Bc4 Qa5 13. Rhe1 Be6 14. Bb3 Bxb3
15. axb3 O-O 16. Bh6 Rfd8 17. Bxg7 Kxg7 18. f4 Nh7 19. f5 g5 20. Qf2 Nf6 21.
Qe3 g4 22. Qg5+ Kh7 23. e5 dxe5 24. Ne4 Rxd1+ 25. Rxd1 Nxe4 26. Qxh5+ Kg7 27.
Qxg4+ Kh8 28. f6 1-0